| 000 | 00798nam a22002651 4500 | ||
|---|---|---|---|
| 001 | 141279 | ||
| 003 | ES-MaACL | ||
| 007 | t| | ||
| 008 | 070920s1975 sp ||||0| spa d | ||
| 016 | 7 | _zIND2000945920 | |
| 017 | _aB 16388-1975 | ||
| 020 | _a84-335-7551-1 | ||
| 040 |
_aM-BN _bspa _cCDM |
||
| 080 | _a7"1950/..."(084) | ||
| 100 | 1 |
_aWilson, Simon. _9117046 |
|
| 245 | 1 | 3 |
_aEl arte pop / _cSimon Wilson ; [traducción de Marcelo Covián]. |
| 260 |
_aBarcelona : _bLabor, _c[1975] |
||
| 300 |
_a69 p., 62 h. de lám. col. : _bil. ; _c18 cm. |
||
| 490 | 1 | _aBolsillo de arte Labor | |
| 650 | 1 | 7 |
_aArte pop _2embne _910261 |
| 700 | 1 |
_aCovian, Marcelo. _9180854 |
|
| 830 | 0 | 0 |
_aBolsillo de arte Labor _9182798 |
| 852 |
_aES-MaACL _jE-7935 _bR.92222 |
||
| 999 |
_c141279 _d141279 |
||